| 000 | 00924cam a22002651 4500 | ||
|---|---|---|---|
| 001 | sa 68014077 | ||
| 003 | DLC | ||
| 005 | 20260227112628.0 | ||
| 008 | 900212s1966 ii d 000 0 engo | ||
| 010 | _asa 68014077 | ||
| 035 | _a(OCoLC)21052237 | ||
| 040 |
_aDLC _cWaU _dNRU _dDLC |
||
| 041 | 0 | _aengmar | |
| 042 | _apremarc | ||
| 050 | 0 | 0 |
_aBR95 _b.S68 |
| 100 | 1 |
_aSojwal, M. R., _d1923- |
|
| 245 | 1 | 0 |
_aEnglish-Marathi theological glossary. Iṅgliśa-Marāthī Iś̄varaparijñānavishayaka ś̄abdasṅgraha. _cSaṅgrāhaka Em. Āra. Sojvaḷa. |
| 250 | _a[1. āvṛttī. | ||
| 260 |
_aPuṇe, _bJai. Rīḍa Grehama, _c1966] |
||
| 300 |
_a128 p. _c22 cm. |
||
| 490 | 0 |
_aKhirastī Vidyārthī granthamālā ; _vprakāśana 1 |
|
| 650 | 0 |
_aTheology _xDictionaries _xMarathi. |
|
| 650 | 0 |
_aEnglish language _xDictionaries _xMarathi. |
|
| 740 | 0 | _aIṅgliśa Marāṭhī Īśvaraparijñānavishayaka śabdasaṅgraha. | |
| 999 |
_c85550 _d85550 |
||